000 00604cam a22001931 4500
001 000019001
005 20200929165911.0
008 771205s1965 ec 000 0 spa
040 _aDO-SdBNP
_bspa
_dBNPHU
082 _axxxx
_bV297h
100 1 _aVargas, Jose Maria.
_936460
245 1 0 _aHistoria de la cultura ecuatoriana /
_cJosé María Vargas.
260 _aQuito :
_bPublicaciones Educativas "Ariel",
_c1965.
300 _av. ;
_c22 cm.
490 1 _aClásicos Ariel
_v87
500 _aLa biblioteca posee el v. 3
651 0 _aEcuador
_xCivilization
_940880
830 0 _aClásicos Ariel
_v87
_93125
999 _c18519
_d18519